[Event "DVM U16 2021"]
[Site "Kiel GER"]
[Date "2022.07.25"]
[Round "5"]
[White "Röhr, Oliver"]
[Black "Schubert, Nikita"]
[Result "1-0"]
[Termination "normal"]
[Board "2.2"]
[WhiteElo "2088"]
[BlackElo "1949"]
[WhiteClock "00:10:04"]
[BlackClock "00:00:41"]
[WhiteTeam "SV Mattnetz Berlin e.V."]
[BlackTeam "ESV Gera"]
[PlyCount "81"]
[WhiteFideId "12987697"]
[BlackFideId "16212339"]
[EventCountry "GER"]
[EventRounds "7"]
[EventType "team-swiss"]
[EventDate "2022.07.22"]

1. e4 {[%clk 01:30:58]} {[%emt 00:10:13]} e5 {[%clk 01:30:51]} {[%emt
00:00:10]} 2. Nf3 {[%clk 01:31:26]} {[%emt 00:00:02]} Nc6 {[%clk 01:31:13]}
{[%emt 00:00:08]} 3. d4 {[%clk 01:31:52]} {[%emt 00:00:04]} exd4 {[%clk
01:31:34]} {[%emt 00:00:09]} 4. Nxd4 {[%clk 01:32:19]} {[%emt 00:00:03]} Nf6
{[%clk 01:31:42]} {[%emt 00:00:22]} 5. Nxc6 {[%clk 01:32:46]} {[%emt 00:00:02]}
bxc6 {[%clk 01:31:59]} {[%emt 00:00:13]} 6. e5 {[%clk 01:33:14]} {[%emt
00:00:02]} Qe7 {[%clk 01:32:14]} {[%emt 00:00:15]} 7. Qe2 {[%clk 01:33:41]}
{[%emt 00:00:03]} Nd5 {[%clk 01:32:32]} {[%emt 00:00:12]} 8. h4 {[%clk
01:34:10]} {[%emt 00:00:02]} d6 {[%clk 01:24:32]} {[%emt 00:08:30]} 9. c4
{[%clk 01:33:12]} {[%emt 00:01:27]} Nb6 {[%clk 01:18:40]} {[%emt 00:06:22]} 10.
exd6 {[%clk 01:26:29]} {[%emt 00:07:14]} cxd6 {[%clk 01:15:25]} {[%emt
00:03:44]} 11. Bg5 {[%clk 01:23:58]} {[%emt 00:03:01]} Qxe2+ {[%clk 01:11:13]}
{[%emt 00:04:43]} 12. Bxe2 {[%clk 01:24:25]} {[%emt 00:00:02]} Be6 {[%clk
01:08:53]} {[%emt 00:02:50]} 13. Nd2 {[%clk 01:22:28]} {[%emt 00:02:27]} h6
{[%clk 01:07:07]} {[%emt 00:02:16]} 14. Be3 {[%clk 01:20:43]} {[%emt 00:02:15]}
Be7 {[%clk 01:06:55]} {[%emt 00:00:42]} 15. O-O-O {[%clk 01:19:07]} {[%emt
00:02:06]} O-O {[%clk 01:00:32]} {[%emt 00:06:54]} 16. g4 {[%clk 01:10:25]}
{[%emt 00:09:12]} d5 {[%clk 01:00:35]} {[%emt 00:00:26]} 17. g5 {[%clk
01:08:06]} {[%emt 00:02:50]} hxg5 {[%clk 00:58:44]} {[%emt 00:02:21]} 18. hxg5
{[%clk 01:07:37]} {[%emt 00:00:59]} Bf5 {[%clk 00:47:40]} {[%emt 00:11:33]} 19.
Nf3 {[%clk 01:02:29]} {[%emt 00:05:39]} Be4 {[%clk 00:46:56]} {[%emt 00:01:13]}
20. Rh3 {[%clk 00:50:22]} {[%emt 00:12:37]} Nxc4 {[%clk 00:40:40]} {[%emt
00:06:46]} 21. Bxc4 {[%clk 00:48:37]} {[%emt 00:02:14]} dxc4 {[%clk 00:39:21]}
{[%emt 00:01:50]} 22. Nd4 {[%clk 00:37:04]} {[%emt 00:12:03]} c5 {[%clk
00:28:10]} {[%emt 00:11:41]} 23. f3 {[%clk 00:35:09]} {[%emt 00:02:25]} cxd4
{[%clk 00:09:32]} {[%emt 00:19:08]} 24. fxe4 {[%clk 00:32:25]} {[%emt
00:03:14]} g6 {[%clk 00:05:39]} {[%emt 00:04:23]} 25. Rxd4 {[%clk 00:26:11]}
{[%emt 00:06:44]} Rfd8 {[%clk 00:01:14]} {[%emt 00:04:55]} 26. Rxc4 {[%clk
00:24:07]} {[%emt 00:02:34]} Rac8 {[%clk 00:01:25]} {[%emt 00:00:19]} 27. Rxc8
{[%clk 00:23:23]} {[%emt 00:01:14]} Rxc8+ {[%clk 00:01:54]} 28. Kd2 {[%clk
00:23:24]} {[%emt 00:00:29]} f6 {[%clk 00:00:36]} {[%emt 00:01:48]} 29. Bxa7
{[%clk 00:19:33]} {[%emt 00:04:20]} fxg5 {[%clk 00:00:39]} {[%emt 00:00:28]}
30. Bd4 {[%clk 00:18:53]} {[%emt 00:01:09]} Rc6 {[%clk 00:00:32]} {[%emt
00:00:38]} 31. a3 {[%clk 00:15:16]} {[%emt 00:04:07]} Kf7 {[%clk 00:00:34]}
{[%emt 00:00:28]} 32. b4 {[%clk 00:14:53]} {[%emt 00:00:53]} g4 {[%clk
00:00:34]} {[%emt 00:00:30]} 33. Rg3 {[%clk 00:14:12]} {[%emt 00:01:11]} Ra6
{[%clk 00:00:57]} {[%emt 00:00:07]} 34. Kc2 {[%clk 00:12:36]} {[%emt 00:02:05]}
Bd6 {[%clk 00:01:02]} {[%emt 00:00:26]} 35. e5 {[%clk 00:12:40]} {[%emt
00:00:26]} Bc7 {[%clk 00:00:40]} {[%emt 00:00:52]} 36. Kb3 {[%clk 00:11:52]}
{[%emt 00:01:17]} Re6 {[%clk 00:00:33]} {[%emt 00:00:37]} 37. Rxg4 {[%clk
00:11:31]} {[%emt 00:00:52]} Bxe5 {[%clk 00:00:48]} {[%emt 00:00:16]} 38. Bxe5
{[%clk 00:11:16]} {[%emt 00:00:44]} Rxe5 {[%clk 00:01:17]} {[%emt 00:00:01]}
39. a4 {[%clk 00:11:09]} {[%emt 00:00:37]} g5 {[%clk 00:00:49]} {[%emt
00:00:58]} 40. a5 {[%clk 00:10:25]} {[%emt 00:01:14]} Ke6 {[%clk 00:00:41]} 41.
Rd4 {[%clk 00:10:04]} {[%emt 00:01:28]} 1-0

[Event "DVM U16 2021"]
[Site "Kiel GER"]
[Date "2022.07.25"]
[Round "5"]
[White "Frank, Marek"]
[Black "Ho, Ngoc Hai-Dang"]
[Result "1/2-1/2"]
[Termination "normal"]
[Board "2.3"]
[WhiteElo "1551"]
[BlackElo "1826"]
[WhiteClock "00:02:02"]
[BlackClock "00:02:36"]
[WhiteTeam "ESV Gera"]
[BlackTeam "SV Mattnetz Berlin e.V."]
[PlyCount "73"]
[WhiteFideId "16239520"]
[BlackFideId "16206509"]
[EventCountry "GER"]
[EventRounds "7"]
[EventType "team-swiss"]
[EventDate "2022.07.22"]

1. e4 {[%clk 01:30:55]} {[%emt 00:00:05]} e5 {[%clk 01:30:53]} {[%emt
00:00:08]} 2. Nf3 {[%clk 01:31:03]} {[%emt 00:00:22]} Nc6 {[%clk 01:31:14]}
{[%emt 00:00:08]} 3. Bc4 {[%clk 01:31:20]} {[%emt 00:00:13]} Bc5 {[%clk
01:31:32]} {[%emt 00:00:13]} 4. c3 {[%clk 01:31:16]} {[%emt 00:00:33]} Nf6
{[%clk 01:31:51]} {[%emt 00:00:11]} 5. d4 {[%clk 01:31:05]} {[%emt 00:00:42]}
exd4 {[%clk 01:32:11]} {[%emt 00:00:09]} 6. e5 {[%clk 01:31:23]} {[%emt
00:00:12]} d5 {[%clk 01:32:32]} {[%emt 00:00:10]} 7. Bb5 {[%clk 01:31:45]}
{[%emt 00:00:08]} Ne4 {[%clk 01:32:48]} {[%emt 00:00:14]} 8. cxd4 {[%clk
01:32:01]} {[%emt 00:00:13]} Bb6 {[%clk 01:32:28]} {[%emt 00:00:50]} 9. Nc3
{[%clk 01:30:48]} {[%emt 00:01:44]} Bg4 {[%clk 01:30:43]} {[%emt 00:02:15]} 10.
h3 {[%clk 01:28:57]} {[%emt 00:02:20]} Nxc3 {[%clk 01:20:19]} {[%emt 00:10:54]}
11. bxc3 {[%clk 01:29:18]} {[%emt 00:00:09]} Bh5 {[%clk 01:17:33]} {[%emt
00:03:16]} 12. Qb3 {[%clk 01:12:07]} {[%emt 00:17:41]} O-O {[%clk 01:14:04]}
{[%emt 00:03:59]} 13. Bg5 {[%clk 01:08:36]} {[%emt 00:04:01]} Qd7 {[%clk
01:12:46]} {[%emt 00:01:48]} 14. Nd2 {[%clk 01:02:41]} {[%emt 00:06:25]} a6
{[%clk 01:05:46]} {[%emt 00:07:31]} 15. Bd3 {[%clk 00:44:34]} {[%emt 00:18:35]}
f6 {[%clk 00:53:00]} {[%emt 00:13:17]} 16. exf6 {[%clk 00:35:24]} {[%emt
00:09:39]} Rae8+ {[%clk 00:53:17]} {[%emt 00:00:14]} 17. Kf1 {[%clk 00:35:43]}
{[%emt 00:00:11]} h6 {[%clk 00:31:45]} {[%emt 00:22:03]} 18. Bh4 {[%clk
00:18:07]} {[%emt 00:18:05]} g5 {[%clk 00:31:24]} {[%emt 00:00:51]} 19. g4
{[%clk 00:17:01]} {[%emt 00:01:36]} Rxf6 {[%clk 00:30:54]} {[%emt 00:01:01]}
20. Bg3 {[%clk 00:16:21]} {[%emt 00:01:08]} Bg6 {[%clk 00:23:51]} {[%emt
00:07:34]} 21. Bxg6 {[%clk 00:15:37]} {[%emt 00:01:13]} Rxg6 {[%clk 00:24:17]}
{[%emt 00:00:05]} 22. Kg2 {[%clk 00:13:15]} {[%emt 00:02:52]} Re2 {[%clk
00:17:48]} {[%emt 00:06:59]} 23. Nf3 {[%clk 00:09:47]} {[%emt 00:03:57]} Rge6
{[%clk 00:16:02]} {[%emt 00:02:17]} 24. Rae1 {[%clk 00:06:47]} {[%emt
00:03:29]} Na5 {[%clk 00:13:52]} {[%emt 00:02:41]} 25. Qd1 {[%clk 00:06:11]}
{[%emt 00:01:04]} Rxe1 {[%clk 00:11:26]} {[%emt 00:02:58]} 26. Rxe1 {[%clk
00:06:36]} {[%emt 00:00:06]} Nc4 {[%clk 00:11:20]} {[%emt 00:00:35]} 27. Qd3
{[%clk 00:04:59]} {[%emt 00:02:05]} Rxe1 {[%clk 00:10:39]} {[%emt 00:01:12]}
28. Nxe1 {[%clk 00:05:26]} {[%emt 00:00:04]} Qe6 {[%clk 00:10:26]} {[%emt
00:00:43]} 29. Nf3 {[%clk 00:04:38]} {[%emt 00:01:17]} c6 {[%clk 00:06:32]}
{[%emt 00:04:26]} 30. Ne5 {[%clk 00:03:17]} {[%emt 00:01:50]} Nxe5 {[%clk
00:06:28]} {[%emt 00:00:34]} 31. Bxe5 {[%clk 00:03:40]} {[%emt 00:00:07]} Bd8
{[%clk 00:05:47]} {[%emt 00:01:11]} 32. Kg3 {[%clk 00:02:26]} {[%emt 00:01:43]}
Be7 {[%clk 00:05:47]} {[%emt 00:00:31]} 33. Qb1 {[%clk 00:02:20]} {[%emt
00:00:37]} b5 {[%clk 00:06:01]} {[%emt 00:00:15]} 34. Qf5 {[%clk 00:02:16]}
{[%emt 00:00:33]} Qxf5 {[%clk 00:04:42]} {[%emt 00:01:50]} 35. gxf5 {[%clk
00:02:43]} {[%emt 00:00:03]} h5 {[%clk 00:03:25]} {[%emt 00:01:47]} 36. f4
{[%clk 00:02:12]} {[%emt 00:01:01]} Kf7 {[%clk 00:02:36]} {[%emt 00:01:19]} 37.
Kf3 {[%clk 00:02:02]} {[%emt 00:00:40]} 1/2-1/2

[Event "DVM U16 2021"]
[Site "Kiel GER"]
[Date "2022.07.25"]
[Round "5"]
[White "Weihrauch, Jakob"]
[Black "Korchynskyi, Mykola"]
[Result "0-1"]
[Termination "normal"]
[Board "3.1"]
[WhiteElo "2183"]
[BlackElo "1711"]
[WhiteClock "00:01:44"]
[BlackClock "00:02:28"]
[WhiteTeam "Hamburger SK von 1830 eV"]
[BlackTeam "Schachfreunde Essen-Katernberg 04/32 e. V."]
[PlyCount "72"]
[WhiteFideId "16210115"]
[BlackFideId "34138005"]
[EventCountry "GER"]
[EventRounds "7"]
[EventType "team-swiss"]
[EventDate "2022.07.22"]

1. e4 {[%clk 01:30:57]} e6 {[%clk 01:30:55]} {[%emt 00:00:05]} 2. d4 {[%clk
01:31:24]} {[%emt 00:00:03]} d5 {[%clk 01:31:21]} {[%emt 00:00:05]} 3. Nc3
{[%clk 01:31:50]} {[%emt 00:00:04]} dxe4 {[%clk 01:31:46]} {[%emt 00:00:05]} 4.
Nxe4 {[%clk 01:32:14]} {[%emt 00:00:05]} Nd7 {[%clk 01:32:00]} {[%emt
00:00:16]} 5. Nf3 {[%clk 01:32:39]} {[%emt 00:00:07]} Ngf6 {[%clk 01:32:20]}
{[%emt 00:00:08]} 6. Nxf6+ {[%clk 01:32:57]} {[%emt 00:00:12]} Nxf6 {[%clk
01:32:40]} {[%emt 00:00:10]} 7. c3 {[%clk 01:33:23]} {[%emt 00:00:04]} c5
{[%clk 01:26:18]} {[%emt 00:06:52]} 8. Be3 {[%clk 01:33:46]} {[%emt 00:00:07]}
Qc7 {[%clk 01:26:42]} {[%emt 00:00:06]} 9. Ne5 {[%clk 01:34:04]} {[%emt
00:00:12]} Bd7 {[%clk 01:25:03]} {[%emt 00:02:09]} 10. Nxd7 {[%clk 01:28:36]}
{[%emt 00:05:59]} Nxd7 {[%clk 01:23:58]} {[%emt 00:01:34]} 11. Qa4 {[%clk
01:16:56]} {[%emt 00:12:09]} a6 {[%clk 01:22:59]} {[%emt 00:01:30]} 12. dxc5
{[%clk 01:10:54]} {[%emt 00:06:32]} Bxc5 {[%clk 01:22:51]} {[%emt 00:00:37]}
13. Bf4 {[%clk 00:52:35]} {[%emt 00:18:50]} Qb6 {[%clk 01:08:47]} {[%emt
00:14:35]} 14. O-O-O {[%clk 00:51:44]} {[%emt 00:01:21]} Rd8 {[%clk 01:02:59]}
{[%emt 00:06:17]} 15. Be2 {[%clk 00:44:37]} {[%emt 00:07:37]} Bxf2 {[%clk
01:01:23]} {[%emt 00:02:06]} 16. Rd6 {[%clk 00:39:21]} {[%emt 00:05:46]} Be3+
{[%clk 01:01:06]} {[%emt 00:00:47]} 17. Kb1 {[%clk 00:33:41]} {[%emt 00:06:11]}
Qc5 {[%clk 01:01:23]} {[%emt 00:00:12]} 18. Bg3 {[%clk 00:31:53]} {[%emt
00:02:18]} Qf5+ {[%clk 00:48:11]} {[%emt 00:13:42]} 19. Ka1 {[%clk 00:29:11]}
{[%emt 00:03:12]} b5 {[%clk 00:35:35]} {[%emt 00:13:06]} 20. Qd1 {[%clk
00:19:42]} {[%emt 00:09:58]} Qf6 {[%clk 00:25:59]} {[%emt 00:10:07]} 21. Rxa6
{[%clk 00:17:05]} {[%emt 00:03:07]} b4 {[%clk 00:16:21]} {[%emt 00:10:07]} 22.
Rf1 {[%clk 00:16:39]} {[%emt 00:00:56]} Qg5 {[%clk 00:16:06]} {[%emt 00:00:46]}
23. Bc7 {[%clk 00:14:33]} {[%emt 00:02:37]} Rc8 {[%clk 00:15:35]} {[%emt
00:01:00]} 24. Ra5 {[%clk 00:12:00]} {[%emt 00:03:03]} Qxg2 {[%clk 00:15:44]}
{[%emt 00:00:21]} 25. Rf3 {[%clk 00:01:46]} {[%emt 00:10:44]} bxc3 {[%clk
00:13:42]} {[%emt 00:02:32]} 26. bxc3 {[%clk 00:00:57]} {[%emt 00:01:19]} O-O
{[%clk 00:04:38]} {[%emt 00:09:34]} 27. Bd6 {[%clk 00:01:20]} {[%emt 00:00:07]}
Rxc3 {[%clk 00:04:57]} {[%emt 00:00:11]} 28. Bxf8 {[%clk 00:00:37]} {[%emt
00:01:13]} Rc1+ {[%clk 00:04:52]} {[%emt 00:00:34]} 29. Qxc1 {[%clk 00:00:54]}
{[%emt 00:00:13]} Bxc1 {[%clk 00:05:19]} {[%emt 00:00:04]} 30. Bb4 {[%clk
00:00:42]} {[%emt 00:00:42]} f5 {[%clk 00:01:37]} {[%emt 00:04:12]} 31. Rc3
{[%clk 00:00:39]} {[%emt 00:00:33]} Qg1 {[%clk 00:01:31]} {[%emt 00:00:36]} 32.
Rg3 {[%clk 00:00:35]} {[%emt 00:00:34]} Qxh2 {[%emt 00:00:46]} 33. Rc3 {[%clk
00:00:33]} {[%emt 00:00:30]} Qg1 {[%clk 00:01:42]} {[%emt 00:00:04]} 34. Rd3
{[%clk 00:00:46]} {[%emt 00:00:17]} Bd2+ {[%clk 00:01:49]} {[%emt 00:00:23]}
35. Kb2 {[%clk 00:01:14]} {[%emt 00:00:02]} Qc1+ {[%clk 00:02:05]} {[%emt
00:00:14]} 36. Kb3 {[%clk 00:01:44]} Qb1+ {[%clk 00:02:28]} {[%emt 00:00:06]}
0-1

[Event "DVM U16 2021"]
[Site "Kiel GER"]
[Date "2022.07.25"]
[Round "5"]
[White "Jahrke, Jonas"]
[Black "Kort, Felix"]
[Result "0-1"]
[Termination "normal"]
[Board "3.2"]
[WhiteElo "1725"]
[BlackElo "1858"]
[WhiteClock "00:32:14"]
[BlackClock "00:28:13"]
[WhiteTeam "Schachfreunde Essen-Katernberg 04/32 e. V."]
[BlackTeam "Hamburger SK von 1830 eV"]
[PlyCount "94"]
[WhiteFideId "12984353"]
[BlackFideId "16220129"]
[EventCountry "GER"]
[EventRounds "7"]
[EventType "team-swiss"]
[EventDate "2022.07.22"]

1. c4 {[%clk 01:30:03]} {[%emt 00:00:05]} e5 {[%clk 01:30:35]} 2. g3 {[%clk
01:30:27]} Nf6 {[%clk 01:30:44]} 3. Bg2 {[%clk 01:24:39]} c6 {[%clk 01:16:34]}
4. d4 {[%clk 01:21:21]} e4 {[%clk 01:10:40]} 5. Nc3 {[%clk 01:21:12]} d5 {[%clk
01:06:34]} 6. Bg5 {[%clk 01:13:50]} Be7 {[%clk 00:50:03]} 7. e3 {[%clk
00:56:14]} Nbd7 {[%clk 00:37:07]} 8. Nge2 {[%clk 00:53:54]} h6 {[%clk
00:37:22]} 9. Bxf6 {[%clk 00:53:57]} Nxf6 {[%clk 00:34:26]} 10. cxd5 {[%clk
00:54:16]} cxd5 {[%clk 00:31:02]} 11. Qb3 {[%clk 00:29:30]} g5 {[%clk
00:20:05]} 12. h4 {[%clk 00:27:06]} Rg8 {[%clk 00:18:28]} 13. hxg5 {[%clk
00:27:35]} hxg5 {[%clk 00:13:55]} 14. Kd2 {[%clk 00:18:00]} Be6 {[%clk
00:12:56]} 15. Bh3 {[%clk 00:14:27]} {[%emt 02:44:28]} Qd7 {[%clk 00:11:20]}
16. Bxe6 {[%clk 00:14:55]} fxe6 {[%clk 00:10:28]} 17. Qb5 {[%clk 00:11:19]} Rc8
{[%clk 00:08:17]} 18. a3 {[%clk 00:08:46]} Ng4 {[%clk 00:04:26]} 19. Rhf1
{[%clk 00:06:48]} Rf8 {[%clk 00:04:16]} 20. Qxd7+ {[%clk 00:07:10]} Kxd7 {[%clk
00:04:22]} 21. Nd1 {[%clk 00:07:22]} Nh2 {[%clk 00:02:15]} 22. Ndc3 {[%clk
00:07:34]} Nxf1+ {[%clk 00:02:44]} 23. Rxf1 {[%clk 00:06:00]} a6 {[%clk
00:02:26]} 24. Nc1 {[%clk 00:05:02]} Bd6 {[%clk 00:01:19]} 25. Ke2 {[%clk
00:02:42]} Ke7 {[%clk 00:01:02]} 26. N1a2 {[%clk 00:02:28]} Rf7 {[%clk
00:00:55]} 27. Ke1 {[%clk 00:02:19]} Rcf8 {[%clk 00:01:18]} 28. Ne2 {[%clk
00:01:57]} b5 {[%clk 00:01:29]} 29. b4 {[%clk 00:02:14]} a5 {[%clk 00:00:42]}
30. Rh1 {[%clk 00:02:18]} axb4 {[%clk 00:00:56]} 31. Nxb4 {[%clk 00:02:19]}
Bxb4+ {[%clk 00:01:24]} 32. axb4 {[%clk 00:01:54]} Rxf2 {[%clk 00:01:28]} 33.
Nf4 {[%clk 00:00:47]} gxf4 {[%clk 00:01:35]} 34. Kxf2 {[%clk 00:01:16]} fxg3+
{[%clk 00:00:39]} 35. Ke2 {[%clk 00:01:25]} Rf2+ {[%clk 00:00:47]} 36. Ke1
{[%clk 00:01:31]} Rb2 {[%clk 00:00:33]} 37. Rh7+ {[%clk 00:00:49]} Kf6 {[%clk
00:00:45]} 38. Rh6+ {[%clk 00:00:56]} Kg5 {[%clk 00:00:44]} 39. Rh8 {[%clk
00:00:43]} Kg4 {[%clk 00:00:31]} 40. Rg8+ {[%clk 00:01:03]} Kf3 {[%clk
00:28:04]} 41. Kd1 {[%clk 00:31:10]} g2 {[%clk 00:28:26]} 42. Kc1 {[%clk
00:31:28]} Rf2 {[%clk 00:27:34]} 43. Kd1 {[%clk 00:31:40]} Rf1+ {[%clk
00:27:59]} 44. Kd2 {[%clk 00:31:50]} g1=Q {[%clk 00:27:39]} 45. Rc8 {[%clk
00:31:50]} Rf2+ {[%clk 00:28:05]} 46. Kc3 {[%clk 00:32:14]} Qc1+ {[%clk
00:28:13]} 47. Kb3 Qb2# {[%emt 01:02:34]} 0-1

[Event "DVM U16 2021"]
[Site "Kiel GER"]
[Date "2022.07.25"]
[Round "5"]
[White "Reyes-Mantilla, Andrés Mauricio"]
[Black "Berresheim, Nils"]
[Result "0-1"]
[Termination "normal"]
[Board "3.3"]
[WhiteElo "1614"]
[BlackElo "1730"]
[WhiteClock "00:19:18"]
[BlackClock "00:14:14"]
[WhiteTeam "Hamburger SK von 1830 eV"]
[BlackTeam "Schachfreunde Essen-Katernberg 04/32 e. V."]
[PlyCount "110"]
[WhiteFideId "4467248"]
[BlackFideId "16246306"]
[EventCountry "GER"]
[EventRounds "7"]
[EventType "team-swiss"]
[EventDate "2022.07.22"]

1. d4 {[%clk 01:29:47]} {[%emt 00:01:10]} Nf6 {[%clk 01:30:30]} {[%emt
00:00:29]} 2. c4 {[%clk 01:30:14]} {[%emt 00:00:04]} g6 {[%clk 01:30:45]}
{[%emt 00:00:15]} 3. Nc3 {[%clk 01:30:08]} {[%emt 00:00:37]} Bg7 {[%clk
01:31:03]} {[%emt 00:00:12]} 4. e4 {[%clk 01:30:31]} {[%emt 00:00:07]} d6
{[%clk 01:31:16]} {[%emt 00:00:17]} 5. Be2 {[%clk 01:29:43]} {[%emt 00:01:18]}
O-O {[%clk 01:31:09]} {[%emt 00:00:37]} 6. Be3 {[%clk 01:30:10]} {[%emt
00:00:03]} e5 {[%clk 01:30:00]} {[%emt 00:01:39]} 7. d5 {[%clk 01:30:36]}
{[%emt 00:00:04]} Nbd7 {[%clk 01:29:41]} {[%emt 00:00:48]} 8. h4 {[%clk
01:24:01]} {[%emt 00:07:05]} h5 {[%clk 01:27:07]} {[%emt 00:03:04]} 9. Qc2
{[%clk 01:19:15]} {[%emt 00:05:17]} a5 {[%clk 01:22:47]} {[%emt 00:04:50]} 10.
O-O-O {[%clk 01:13:40]} {[%emt 00:06:04]} Nc5 {[%clk 01:19:58]} {[%emt
00:03:19]} 11. f3 {[%clk 01:11:41]} {[%emt 00:02:29]} Qe7 {[%clk 01:17:01]}
{[%emt 00:03:27]} 12. Nh3 {[%clk 00:51:36]} {[%emt 00:20:35]} Bd7 {[%clk
01:09:28]} {[%emt 00:08:02]} 13. Nf2 {[%clk 00:50:38]} {[%emt 00:01:30]} Rab8
{[%clk 01:01:23]} {[%emt 00:08:35]} 14. g4 {[%clk 00:47:25]} {[%emt 00:03:42]}
Rfd8 {[%clk 00:57:42]} {[%emt 00:04:11]} 15. Bg5 {[%clk 00:45:53]} {[%emt
00:02:03]} hxg4 {[%clk 00:53:25]} {[%emt 00:04:46]} 16. fxg4 {[%clk 00:44:32]}
{[%emt 00:01:51]} c6 {[%clk 00:49:51]} {[%emt 00:04:04]} 17. Rhf1 {[%clk
00:39:26]} {[%emt 00:05:35]} Be8 {[%clk 00:41:48]} {[%emt 00:08:33]} 18. Nd3
{[%clk 00:36:19]} {[%emt 00:03:38]} Ncd7 {[%clk 00:39:09]} {[%emt 00:03:08]}
19. h5 {[%clk 00:29:18]} {[%emt 00:07:32]} Rdc8 {[%clk 00:34:59]} {[%emt
00:04:38]} 20. hxg6 {[%clk 00:17:11]} {[%emt 00:12:39]} fxg6 {[%clk 00:35:16]}
{[%emt 00:00:13]} 21. Rf2 {[%clk 00:15:08]} {[%emt 00:02:33]} Nf8 {[%clk
00:33:27]} {[%emt 00:02:19]} 22. dxc6 {[%clk 00:07:41]} {[%emt 00:07:58]} Bxc6
{[%clk 00:31:06]} {[%emt 00:02:50]} 23. Kb1 {[%clk 00:04:20]} {[%emt 00:03:51]}
Ne6 {[%clk 00:30:03]} {[%emt 00:01:33]} 24. Bxf6 {[%clk 00:04:18]} {[%emt
00:00:32]} Bxf6 {[%clk 00:30:26]} {[%emt 00:00:07]} 25. Rdf1 {[%clk 00:03:00]}
{[%emt 00:01:48]} Bg5 {[%clk 00:28:40]} {[%emt 00:02:16]} 26. Nc1 {[%clk
00:02:29]} {[%emt 00:01:01]} Nd4 {[%clk 00:25:38]} {[%emt 00:03:32]} 27. Qd3
{[%clk 00:00:58]} {[%emt 00:02:01]} b5 {[%clk 00:23:52]} {[%emt 00:02:16]} 28.
cxb5 {[%clk 00:01:01]} {[%emt 00:00:27]} Bxb5 {[%clk 00:23:59]} {[%emt
00:00:23]} 29. Nxb5 {[%clk 00:01:11]} {[%emt 00:00:20]} Rxb5 {[%clk 00:24:05]}
{[%emt 00:00:24]} 30. Nb3 {[%clk 00:01:14]} {[%emt 00:00:27]} Qc7 {[%clk
00:17:32]} {[%emt 00:07:04]} 31. Qxb5 {[%clk 00:00:34]} {[%emt 00:01:09]} Qc2+
{[%clk 00:13:57]} {[%emt 00:04:04]} 32. Ka1 {[%emt 00:00:10]} Nxb5 {[%clk
00:13:06]} {[%emt 00:01:20]} 33. Bxb5 {[%clk 00:01:25]} {[%emt 00:00:01]} Qxe4
{[%emt 00:00:24]} 34. Bd7 {[%clk 00:01:21]} {[%emt 00:00:33]} Rd8 {[%clk
00:13:04]} {[%emt 00:00:39]} 35. Be6+ {[%clk 00:01:33]} {[%emt 00:00:18]} Kg7
{[%clk 00:11:05]} {[%emt 00:02:29]} 36. Nxa5 {[%clk 00:01:17]} {[%emt
00:00:47]} Bf4 {[%clk 00:10:18]} {[%emt 00:01:16]} 37. Nb3 {[%clk 00:00:54]}
{[%emt 00:00:52]} Re8 {[%clk 00:09:19]} {[%emt 00:01:29]} 38. Bd7 {[%clk
00:01:04]} {[%emt 00:00:21]} Re7 {[%clk 00:08:59]} {[%emt 00:00:50]} 39. Bb5
{[%clk 00:01:05]} {[%emt 00:00:30]} Rb7 {[%clk 00:08:00]} {[%emt 00:01:28]} 40.
a4 {[%clk 00:00:39]} {[%emt 00:00:56]} Ra7 {[%clk 00:07:08]} {[%emt 00:01:21]}
41. Nc1 {[%clk 00:28:08]} {[%emt 00:03:02]} Qd5 {[%clk 00:35:48]} {[%emt
00:01:49]} 42. Kb1 {[%clk 00:27:41]} {[%emt 00:00:58]} Rc7 {[%clk 00:34:24]}
{[%emt 00:01:54]} 43. Ne2 {[%clk 00:23:49]} {[%emt 00:04:22]} g5 {[%clk
00:30:55]} {[%emt 00:03:59]} 44. Nc3 {[%clk 00:23:30]} {[%emt 00:00:49]} Qb3
{[%clk 00:27:23]} {[%emt 00:03:57]} 45. Rf3 {[%clk 00:20:53]} {[%emt 00:03:12]}
d5 {[%clk 00:23:19]} {[%emt 00:04:33]} 46. Rh3 {[%clk 00:19:55]} {[%emt
00:01:29]} d4 {[%clk 00:19:44]} {[%emt 00:04:05]} 47. Rfh1 {[%clk 00:20:18]}
{[%emt 00:00:06]} dxc3 {[%clk 00:13:46]} {[%emt 00:06:28]} 48. Rh7+ {[%clk
00:20:21]} {[%emt 00:00:28]} Kf8 {[%clk 00:14:00]} {[%emt 00:00:16]} 49. Rh8+
{[%clk 00:20:41]} {[%emt 00:00:10]} Ke7 {[%clk 00:14:04]} {[%emt 00:00:26]} 50.
R1h7+ {[%clk 00:20:27]} {[%emt 00:00:44]} Kd6 {[%clk 00:14:17]} {[%emt
00:00:16]} 51. Rd8+ {[%clk 00:19:40]} {[%emt 00:01:17]} Ke6 {[%clk 00:14:34]}
{[%emt 00:00:13]} 52. Re8+ {[%clk 00:19:10]} {[%emt 00:01:00]} Kd5 {[%clk
00:14:01]} {[%emt 00:01:02]} 53. Rd8+ {[%clk 00:19:19]} {[%emt 00:00:23]} Ke4
{[%clk 00:14:01]} {[%emt 00:00:30]} 54. Bd3+ {[%clk 00:19:23]} {[%emt
00:00:26]} Ke3 {[%clk 00:13:50]} {[%emt 00:00:40]} 55. Rxc7 {[%clk 00:19:18]}
{[%emt 00:00:36]} Qxb2# {[%clk 00:14:14]} {[%emt 00:00:06]} 0-1